Skončenie pracovného pomeru

Saved in:
Bibliographic Details
Main Author: Pavlátová, Jarmila
Format: Book
Language:Slovak
Published: Bratislava Práca 1985
Edition:1. vyd.
Series:Knižnica mzdových a pracovnoprávnych príručiek Zv.7/85
Tags: Add Tag
No Tags, Be the first to tag this record!

MARC

LEADER 00000nam a2200000 4500
001 c027420
005 20221220082314.7
041 0 |a slo 
044 |a SK 
245 1 0 |a Skončenie pracovného pomeru  |c Jarmila Pavlátová 
250 |a 1. vyd. 
264 1 |a Bratislava  |b Práca  |c 1985 
300 |a 180 s. 
490 1 |a Knižnica mzdových a pracovnoprávnych príručiek  |v Zv.7/85 
830 0 |a Knižnica mzdových a pracovnoprávnych príručiek  |v Zv.7/85 
100 1 |a Pavlátová, Jarmila